[Event "Euro Online U2300 Day 1"]
[Site "chess.com INT"]
[Date "2020.05.25"]
[Round "7"]
[White "Efimenko, Maria"]
[Black "Maisuradze, Nino"]
[Result "0-1"]
[WhiteTitle "WIM"]
[BlackTitle "WGM"]
[WhiteElo "2245"]
[BlackElo "2214"]
[WhiteFideId "14124327"]
[BlackFideId "13601717"]
[EventDate "2020.05.25"]

1. e4 c5 2. c3 d5 3. exd5 Qxd5 4. d4 Nf6 5. Nf3 e6 6. Na3 Nc6 7. Be2 Be7 8. Bf4
Qd8 9. dxc5 Nd5 10. Bg3 Bxc5 11. Nc4 O-O 12. O-O f6 13. a4 e5 14. Qc2 Be6 15.
Rfd1 Qe8 16. b4 Be7 17. b5 Nd8 18. Bd3 g6 19. Be4 Qf7 20. Ncxe5 fxe5 21. Nxe5
Nb4 22. cxb4 Qf6 23. Rab1 Rc8 24. Qe2 Re8 25. Nf3 Nf7 26. Bxb7 Rc4 27. Bc6 Rf8
28. Re1 Nd8 29. Ne5 Rxb4 30. Rxb4 Bxb4 31. Rb1 Bc5 32. Nd3 Bb6 33. Be5 Qf7 34.
Bc3 Qf5 35. Be4 Qf7 36. a5 Bc7 37. b6 axb6 38. axb6 Bb8 39. Ba1 Re8 40. Qb2 Kf8
41. Re1 Re7 42. Qh8+ Qg8 43. Qxg8+ Kxg8 44. Bf6 Re8 45. Nc5 Nf7 46. f3 Bc4 47.
Kf2 Bd6 48. Bd4 Rc8 49. b7 Rd8 50. Ne6 Bxe6 51. Ba7 Bb8 52. Bb6 Rd6 53. Bc5 Rd2+
54. Kg1 Nd8 55. Bb6 Kf7 56. Rc1 Nxb7 57. Bxb7 Rb2 58. Bd4 Rxb7 59. Rc6 Ba7 60.
Bxa7 Rxa7 61. Kf2 Ra2+ 62. Kg3 Ra7 63. h4 h6 64. Rd6 Rd7 65. Rb6 Kf6 66. Ra6 Rd4
67. Rb6 h5 68. Ra6 Kf5 69. Rb6 Rd2 70. Rb5+ Bd5 71. Ra5 Kf6 72. Ra6+ Kg7 73.
Ra7+ Kh6 74. Rd7 Rd1 75. Rd8 Bb3 76. Rb8 Bc4 77. Rh8+ Kg7 78. Rb8 Rd2 79. Rb7+
Kh6 80. Rb1 Bd3 81. Ra1 Kg7 82. Ra7+ Kf6 83. Ra1 Rb2 84. Rc1 Bc2 85. Re1 Rb5 86.
Rc1 Rc5 87. Ra1 Kf5 88. Ra8 Bd3 89. Rf8+ Ke5 90. Re8+ Kf6 91. Rf8+ Ke7 92. Rb8
Bf1 93. Rb7+ Kf6 94. Rb1 Bd3 95. Rb6+ Kf5 96. Rd6 Bc2 97. Rd2 g5 98. hxg5 Kxg5
99. Rd8 h4+ 100. Kh2 Bf5 101. Rg8+ Bg6 102. Kh3 Rc2 103. f4+ Kf5 104. Rf8+ Ke6
105. Kxh4 Rxg2 106. Rg8 Kf5 107. Rf8+ Ke4 108. Rf6 Bf5 109. Rf8 Rg4+ 110. Kh5
Kxf4 111. Ra8 Rg7 112. Ra4+ Be4 113. Ra6 Rh7+ 114. Rh6 Rg7 115. Rf6+ Bf5 116.
Rh6 Rg2 0-1

[Event "Euro Online U2300 Day 1"]
[Site "chess.com INT"]
[Date "2020.05.25"]
[Round "7"]
[White "Khodko, Yurii N."]
[Black "Samunenkov, Ihor"]
[Result "1-0"]
[WhiteElo "2048"]
[BlackElo "2142"]
[WhiteFideId "24264717"]
[BlackFideId "14187086"]
[EventDate "2020.05.25"]

1. e4 c6 2. d4 d5 3. exd5 cxd5 4. c4 Nf6 5. Nc3 Nc6 6. Nf3 Bg4 7. cxd5 Nxd5 8.
Qb3 Bxf3 9. gxf3 e6 10. Qxb7 Nxd4 11. Bb5+ Nxb5 12. Qc6+ Ke7 13. Qxb5 Qd7 14.
Nxd5+ Qxd5 15. Qxd5 exd5 16. Be3 Ke6 17. O-O-O Bb4 18. Rd3 Rhc8+ 19. Kb1 Bc5 20.
Rhd1 Bxe3 21. fxe3 Rc5 22. Rc1 Rac8 23. Rxc5 Rxc5 24. b3 Ke5 25. Kb2 Rc6 26. Rd4
Rh6 27. h4 Rc6 28. b4 h5 29. a4 f6 30. b5 Rc8 31. a5 Rb8 32. Rb4 g5 33. Kb3 gxh4
34. Ka4 h3 35. Rh4 Rc8 36. b6 axb6 37. axb6 Kd6 38. Rxh3 Rc1 39. Rxh5 Ra1+ 40.
Kb4 Rb1+ 41. Kc3 Rxb6 42. Kd4 Rb4+ 43. Kd3 Rb3+ 44. Ke2 Rb2+ 45. Kf1 Ke6 46. Rh4
Rb3 47. Kf2 Rb2+ 48. Kg3 Rb3 49. Kf4 Rb4+ 50. Kg3 Rb3 51. Kf2 Rb2+ 52. Ke1 Rb3
53. Kd2 Rb2+ 54. Kc3 Re2 55. Kd3 Ra2 56. Rb4 Ra6 57. Kd4 Rc6 58. Ra4 Rb6 59. Ra3
Rc6 60. Ra5 Rc4+ 61. Kd3 Rc6 62. f4 Rb6 63. Ra4 Rc6 64. Kd4 Rb6 65. Kc5 Rb3 66.
Ra6+ Kf5 67. Kd4 Rb1 68. Kxd5 Rd1+ 69. Kc4 Rd2 70. Kc3 Rd1 71. Kc2 Rd8 72. Ra4
Rd7 73. Kc3 Rc7+ 74. Kd3 Rd7+ 75. Ke2 Rh7 76. Kf2 Rh2+ 77. Kg3 Re2 78. Kf3 Rh2
79. Ra5+ Kg6 80. Ke4 Re2 81. Ra8 Re1 82. f5+ Kf7 83. Ra7+ Kf8 84. Kf4 Rf1+ 85.
Ke4 Re1 86. Rb7 Ke8 87. Kd4 Rd1+ 88. Kc3 Re1 89. Kd3 Rd1+ 90. Ke2 Ra1 91. e4 Ra3
92. Rc7 Kf8 93. Rd7 Ke8 94. Rd3 Ra2+ 95. Ke3 Ke7 96. Rb3 Rh2 97. Rb7+ Ke8 98.
Kd3 Rh1 99. Kd4 Rd1+ 100. Kc5 Kf8 101. Rc7 Ke8 102. Rb7 Kf8 103. Rb6 Kf7 104.
Rd6 Rc1+ 105. Kd5 Ke7 106. Re6+ Kf7 107. Ra6 Rd1+ 108. Kc4 Rc1+ 109. Kd3 Rd1+
110. Ke3 Re1+ 111. Kf3 Rf1+ 112. Ke2 Rb1 113. Ra7+ Kf8 114. Kf3 Rc1 115. e5 fxe5
116. Ke4 Re1+ 117. Kd5 e4 118. Ke6 Rb1 119. Ra8+ Kg7 120. f6+ Kh7 121. f7 Rb6+
122. Ke5 Rb5+ 123. Kxe4 Rb4+ 124. Kd3 Rb3+ 125. Kc4 Rf3 126. f8=Q Rxf8 127. Rxf8 1-0